000 00482nam a2200157Ia 4500
005 20250923145621.0
008 008 250917s9999 xx 000 0 eng d
037 _aTextual
040 _aDSWL
_beng
_cDSWL
041 _aeng
_2eng
084 _aY9(558).251, N83
_qDSWL
245 2 _aA study of Eunuchs in Delhi
_c by Deptt. of Social Work
260 _aDelhi
_bDeptt. of Social Work
_c1983
942 _cTEXL
_hY9(558).251, N83
999 _c1453513
_d1453513